Humic matter in soil and the environment principles and controversies
Saved in:
| Hovedforfatter: | |
|---|---|
| Format: | Bog |
| Sprog: | engelsk |
| Udgivet: |
CRC Press,
2014.,
|
| Tags: |
Tilføj Tag
Ingen Tags, Vær først til at tagge denne postø!
|
MARC
| LEADER | 00000nam a22000007a 4500 | ||
|---|---|---|---|
| 008 | 210422b ||||| |||| 00| 0 eng d | ||
| 020 | |a 978-1-4822-3445-9 | ||
| 100 | |a TAN, Kim H. | ||
| 245 | |a Humic matter in soil and the environment |b principles and controversies |c Kim H. Tan |e (Books in soils, plants, and the environment). |g xxxii; 463p. | ||
| 250 | |b 2nd ed. | ||
| 260 | |b CRC Press, |c 2014., |h Boca Raton |i 689832 |i 689833 |l S592.8 .T15 |m Humus – Environmental aspects |m Humus – Biodegradation |m Soils – Humic acid content | ||
| 942 | |a lcc |c BK |e ADEKANYE,I. H. |f 22/04/2021 | ||
| 952 | |0 0 |1 0 |2 lcc |4 0 |6 S05928 T15 |7 0 |9 2289 |a HOL |b AG |c QZ |d 2021-04-22 |l 0 |o S592.8 .T15 |p 2021-6143 |r 2021-04-22 00:00:00 |w 2021-04-22 |y BK | ||
| 952 | |0 0 |1 0 |2 lcc |4 0 |6 S05928 T15 |7 0 |9 2290 |a HOL |b HOL |c QZ |d 2021-04-22 |l 0 |o S592.8 .T15 |p 2021-6144 |r 2021-04-22 00:00:00 |w 2021-04-22 |y BK | ||
| 999 | |c 1178 |d 1178 | ||